Derecho ambiental internacional
Պահպանված է:
| Համատեղ հեղինակ: | |
|---|---|
| Ձևաչափ: | Գիրք |
| Լեզու: | իսպաներեն |
| Հրապարակվել է: |
Santiago
Banco Interamericano de Desarrollo
1993
|
| Խորագրեր: | |
| Ցուցիչներ: |
Ավելացրեք ցուցիչ
Չկան պիտակներ, Եղեք առաջինը, ով նշում է այս գրառումը!
|
MARC
| LEADER | 00000nam a2200000 a 4500 | ||
|---|---|---|---|
| 001 | UCX7327 | ||
| 003 | CL-VaPUC | ||
| 008 | 931204e19930000CL |||||||||||||||||spa|d | ||
| 082 | 0 | 4 | |a 341.762 |b BAN |2 21 |
| 110 | 2 | |a Banco Interamericano de Desarrollo |e author |9 324160 | |
| 245 | 1 | 0 | |a Derecho ambiental internacional |
| 300 | |a 255 p | ||
| 942 | |c BK | ||
| 945 | |d 19931204 00:00:00 |a nfarias | ||
| 260 | |a Santiago |b Banco Interamericano de Desarrollo |c 1993 | ||
| 650 | 0 | |a Derecho internacional |9 255637 | |
| 650 | 0 | |a Derecho ambiental |9 257835 | |
| 583 | |a last modification |c 20161003 09:23:48 |k Rodrigo Vera | ||
| 999 | |c 227176 |d 227174 | ||
| 952 | |0 0 |1 0 |4 0 |6 341_762000000000000_BAN_1993 |7 0 |8 A |9 226004 |a BIBDER |b BIBDER |d 2019-11-15 |i 2948575 |o 341.762 BAN 1993 |p 2948575 |r 2023-01-25 |w 2019-11-15 |y BK |k DER | ||